000 00612nam a2200217Ia 4500
005 20241129104326.0
008 241129s9999||||xx |||||||||||||| ||und||
020 _a9789389520378
037 _aTextbook
040 _aRTL
_beng
_cRTL
041 _aeng
_2eng
084 _aX9:9:(Z).2 Q9
_qRTL
100 _aThothadri S; Vijayalakshmi M
_9725769
245 0 _aIndustrial and labour laws
_cThothadri S; Vijayalakshmi M
260 _aNew Delhi
_bWiley
_c2019
300 _axxix,500p.
365 _aINR
_b625
650 _aLabour Law
942 _cTB
_hX9:9:(Z).2 Q9
999 _c1225402
_d1225402